LEADER 01027nam a2200253 i 4500 001 000000177053 003 CaOOAMICUS 005 20090113000000.0 008 090113s1961 it u000 u fre u 013 $a154556 040 $aSeMil$bita 245 10$aDe la génération des animaux /$cAristote ; texte établi et traduit par Pierre Louis. 260 $aParis :$bLes Belles Lettres,$c1961. 300 $aXXVI, 231 p. ;$c21 cm. 490 0 $aCollection des Universités de France 700 1 $aLouis, Pierre.$0(OLS)http://semarc/name/9210 700 0 $aAristoteles,$d<384-322 a.C.>.$0(OLS)http://semarc/name/1263 830 0$aCollection des Universités de France.$0(OLS)http://semarc/title/6036 850 $aSeMil 852 $aSeMil$W1$xVenegono$y1$m1Z I 177$j127867$B127867$CSeMilBibl$Z2$F138336 $81 900 0 $aAristotele. 996 $6245$aDe la génération des animaux$9(OLS)http://semarc/title/254255 996 $6260$aParis :$bLes Belles Lettres$9(OLS)http://semarc/publisher/30422 LEADER 01317nam a2200301 i 4500 001 000000037544 003 CaOOAMICUS 005 20110502000000.0 008 110502s1984 it u000 u ita u 013 $a7851 020 $a8876730109 040 $aSeMil$bita 100 1 $aCanosa, Romano,$d<1935-2010>.$0(OLS)http://semarc/name/1416 245 10$aStoria del carcere in Italia :$bdalla fine del Cinquecento all'Unità /$cRomano Canosa, Isabella Colonnello. 260 $aRoma :$bSapere 2000,$ccopyr. 1984. 300 $a190 p. ;$c21 cm. 490 0 $aSapere 2000 ;$v15.-16. CDD 345 490 0 $aCritica del diritto ;$vQuaderno5 650 4$aCarcere.$0(OLS)http://semarc/subject/7465 700 1 $aColonnello, Isabella.$0(OLS)http://semarc/name/17906 830 0$aSapere 2000 ;$v15.-16. CDD 345.$0(OLS)http://semarc/title/27968 830 0$aCritica del diritto ;$vQuaderno5.$0(OLS)http://semarc/title/27970 850 $aSeMil 852 $aSeMil$W1$xVenegono$y1$m3W III 148$j3699$B3699$CSeMilBibl$Z2$F3699 $81 961 $aOmaggio: Donazione 996 $6020$a8876730109$9(OLS)http://semarc/number/6561 996 $6245$aStoria del carcere in Italia :$bdalla fine del Cinquecento all'Unità$9(OLS)http://semarc/title/52612 996 $6260$aRoma :$bSapere 2000$9(OLS)http://semarc/publisher/30306